Civil resistance and democracy promotion (Record no. 43730)

MARC details
003 - CONTROL NUMBER IDENTIFIER
control field 0199082
005 - DATE AND TIME OF LATEST TRANSACTION
control field 20251011190148.0
020 ## - INTERNATIONAL STANDARD BOOK NUMBER
International Standard Book Number 9781032346762
040 ## - CATALOGING SOURCE
Description conventions rda
050 ## - LIBRARY OF CONGRESS CALL NUMBER
Classification number JQ 751.A91
Item number .S35 2023
100 ## - MAIN ENTRY--PERSONAL NAME
Relator code Author
Personal name Schulz Michael
245 ## - TITLE STATEMENT
Title Civil resistance and democracy promotion
Remainder of title Acomparative study analysis /
Statement of responsibility, etc Michael Schulz.
264 ## - PUBLICATION, DISTRIBUTION, ETC. (IMPRINT)
Place of publication, distribution, etc New York
Name of publisher, distributor, etc Routledge
Date of publication, distribution, etc 2023
300 ## - PHYSICAL DESCRIPTION
Extent ix, 154p.:
336 ## - CONTENT TYPE
Source rdacontent
338 ## - CARRIER TYPE
Source rdacarrier
500 ## - GENERAL NOTE
General note Index and reference
600 ## - SUBJECT ADDED ENTRY--PERSONAL NAME
Source of heading or term Democratization--Burma Democratization--Palestine Civil society--Burma Civil society--Palestine Government, Resistance to--Burma Government, Resistance to--Palestine Burma--Politics and government--1988- Palestine--Politics and government--1948-
942 ## - ADDED ENTRY ELEMENTS (KOHA)
Source of classification or shelving scheme Library of Congress Classification
Koha item type Books
Holdings
Withdrawn status Lost status Source of classification or shelving scheme Damaged status Not for loan Permanent Location Current Location Date acquired Inventory number Total Checkouts Full call number Date last seen Price effective from Koha item type
    Library of Congress Classification     NILE UNIVERSITY OF NIGERIA - MAIN LIBRARY NILE UNIVERSITY OF NIGERIA - MAIN LIBRARY 10/11/2025 0199082   JQ 751.A91 .S35 2023 10/11/2025 10/11/2025 Books
    Library of Congress Classification     NILE UNIVERSITY OF NIGERIA - MAIN LIBRARY NILE UNIVERSITY OF NIGERIA - MAIN LIBRARY 10/11/2025 0199083   JQ 751.A91 .S35 2023 10/11/2025 10/11/2025 Books